Helsingin katuja 2: Kluuvi - Statistics

Yleistilastot
  • Tätä visaa on pelattu 82 kertaa
    74 viimeisimmän päivityksen jälkeen
  • Keskiarvotulos 14 / 40
Vastaustilastot
nimi % Oikein
katu Aleksanterinkatu – Alexandersgatan
90%
katu Mikonkatu – Mikaelsgatan
79%
katu Kaisaniemenkatu – Kajsaniemigatan
76%
katu Unioninkatu – Unionsgatan
71%
katu Mannerheimintie – Mannerheimvägen
69%
katu Fabianinkatu – Fabiansgatan
67%
katu Keskuskatu – Centralgatan
59%
katu Kaivokatu – Brunnsgatan
57%
katu Kluuvikatu – Glogatan
55%
katu Pohjoisesplanadi – Norra Esplanaden
55%
aukio Elielinaukio – Elielplatsen
53%
katu Yliopistonkatu – Universitetsgatan
53%
aukio Rautatientori – Järnvägstorget
52%
katu Vuorikatu – Berggatan
45%
katu Postikatu – Postgatan
40%
katu Vilhonkatu – Vilhelmsgatan
38%
katu Alvar Aallon katu – Alvar Aaltos gata
31%
aukio Asema-aukio – Stationsplatsen
28%
aukio Mannerheiminaukio – Mannerheimplatsen
26%
katu Töölönlahdenkatu – Tölöviksgatan
26%
aukio Kansalaistori – Medborgartorget
24%
katu Kirkkokatu – Kyrkogatan
24%
katu Yrjö-Koskisen katu – Yrjö-Koskinens gata
22%
polku Ateneuminkuja – Ateneumgränden
21%
katu Postikuja – Postgränden
21%
katu Itäinen Teatterikuja – Östra Teatergränden
19%
katu Kaisaniemenranta – Kajsaniemistranden
19%
aukio Kolmensepänaukio – Tresmedersplatsen
19%
katu Läntinen Teatterikuja – Västra Teatergränden
19%
katu Puutarhakatu – Trädgårdsgatan
19%
aukio Karamzininranta – Karamzins strand
16%
polku Baana – Banan
14%
katu Bergbominkuja – Bergbomsgränden
14%
polku Kaisaniemen puistokuja – Kajsaniemiallén
14%
aukio Ylioppilasaukio – Studentplatsen
12%
polku Birger Brunilan puistokuja – Birger Brunilas allé
9%
katu Eero Erkon katu – Eero Erkkos gata
9%
aukio Tekla Hultinin aukio – Tekla Hultins plats
9%
polku Puutarhakuja – Trädgårdsgränden
7%
polku Svante Olssonin puistokuja – Svante Olssons allé
7%
Ehtoja vastaavia visoja ei löytynyt
Tulosjakauma
Jokaisen tuloksen saaneiden osuus
Persentiili vastausten määrän mukaan
Tuloshistoriasi
Et ole pelannut tätä visaa sen viimeisimmän päivityksen jälkeen